000 00451nam a2200181Ia 4500
001 8686
005 20260306160628.0
008 260306t2005||||xx |||||||||||||| ||spa||
041 _aESP
082 _a371.1
_bB149
100 _aBixio, Cecilia
_eAUT
245 0 _aCómo planificar y evaluar en el aula:
_bpropuestas y ejemplos
260 _c2005
300 _a146 páginas :
_c22 cm.
650 _aGEN
654 _aCED
942 _cLIB
_dJUS
_fJUS
_2ddc
_n
999 _c8686
_d8686